Serigrafia artistica : (Record no. 11890)

MARC details
000 -CABECERA
campo de control de longitud fija 00808nam a2200265 4500
003 - IDENTIFICADOR DEL NÚMERO DE CONTROL
campo de control OSt
005 - FECHA Y HORA DE LA ÚLTIMA TRANSACCIÓN
campo de control 20260530113904.0
008 - DATOS DE LONGITUD FIJA--INFORMACIÓN GENERAL
campo de control de longitud fija 260417b1999 |||a|||| |||| 00| 0 spa d
020 ## - NÚMERO INTERNACIONAL ESTÁNDAR DEL LIBRO
Número Internacional Estándar del Libro 9688051179
040 ## - FUENTE DE LA CATALOGACIÓN
Centro catalogador/agencia de origen OTC
Lengua de catalogación spa
Centro/agencia transcriptor OTC
041 ## - CÓDIGO DE LENGUA
Código de lengua del texto/banda sonora o título independiente spa
Código de lengua original spa
050 ## - SIGNATURA TOPOGRÁFICA DE LA BIBLIOTECA DEL CONGRESO
Número de clasificación TT273
Número de documento/Ítem S3
100 1# - ENTRADA PRINCIPAL--NOMBRE DE PERSONA
Nombre de persona J. de S'Agaro,
9 (RLIN) 32623
240 ## - TÍTULO UNIFORME
Título uniforme Serigrafia artistica
Lenguaje de la obra spa
245 10 - MENCIÓN DE TÍTULO
Título Serigrafia artistica :
Resto del título Tamiz de seda, silk-screenplanografia para artistas y pequeños talleres
260 ## - PUBLICACIÓN, DISTRIBUCIÓN, ETC.
Lugar de publicación, distribución, etc. Barcelona
Nombre del editor, distribuidor, etc. Las Ediciones de Arte,
Fecha de publicación, distribución, etc. 1958
264 #1 - PRODUCCIÓN, PUBLICACIÓN, DISTRIBUCIÓN, FABRICACIÓN Y COPYRIGHT
Nombre del de productor, editor, distribuidor, fabricante Las Ediciones de Arte
Fecha de producción, publicación, distribución, fabricación o copyright 1981
Producción, publicación, distribución, fabricación y copyright Barcelona
300 ## - DESCRIPCIÓN FÍSICA
Extensión 70 páginas
Otras características físicas ilustraciones
336 ## - TIPO DE CONTENIDO
Término de tipo de contenido texto
Fuente rdacontent
337 ## - TIPO DE MEDIO
Nombre/término del tipo de medio sin medio
Fuente rdamedia
338 ## - TIPO DE SOPORTE
Nombre/término del tipo de soporte volumen
Fuente rdacarrier
490 ## - MENCIÓN DE SERIE
Mención de serie Como se hace
Designación de volumen o secuencia 22
650 ## - PUNTO DE ACCESO ADICIONAL DE MATERIA--TÉRMINO DE MATERIA
Término de materia o nombre geográfico como elemento de entrada Serigrafía
9 (RLIN) 32624
942 ## - ELEMENTOS DE PUNTO DE ACCESO ADICIONAL (KOHA)
Fuente del sistema de clasificación o colocación Dewey Decimal Classification
Tipo de ítem Koha

No items available.